000
00284nam a22001097a 4500
008
170126b xxu||||| |||| 00| 0 eng d
020
_a
9781584260646
041
_a
eng
080
_a
61
245
_a
CODING AND REIMBURSMENTS FOR HOSPITAL INPATIENT SERVICES
_c
SCOTT, K.S
942
_2
udc
_c
BK
999
_c
3725
_d
3725